[Event "CZE-chT2D 1314"]
[Site "Czech Republic"]
[Date "2014.03.23"]
[Round "10.5"]
[White "Alfimov, Igor"]
[Black "Masek, Jan"]
[Result "1/2-1/2"]
[WhiteElo "2008"]
[BlackElo "1937"]
[PlyCount "73"]
[EventDate "2013.11.03"]
[EventType "team-tourn"]
[EventRounds "11"]
[EventCountry "CZE"]
[SourceTitle "EXT 2016"]
[Source "ChessBase"]
[SourceDate "2015.10.08"]
[SourceVersion "1"]
[SourceVersionDate "2015.10.08"]
[SourceQuality "1"]
[WhiteTeam "Velke Losiny"]
[BlackTeam "Havlickuv Brod"]
[WhiteTeamCountry "CZE"]
[BlackTeamCountry "CZE"]

1. Nf3 Nf6 2. d4 c5 3. d5 e6 4. c4 exd5 5. cxd5 d6 6. Nc3 g6 7. e4 Bg7 8. h3 0-0 9. Bd3 Re8 10. 0-0 a6 11. a4 Nbd7 12. Bf4 c4 13. Bc2 Nc5 14. Nd2 Qc7 15. Qe2 Bd7 16. Qxc4 Rac8 17. Rac1 Qb8 18. Qb4 b5 19. Rfe1 Nh5 20. Bh2 Be5 21. Bxe5 dxe5 22. axb5 axb5 23. Nb3 Na6 24. Qa5 Qb7 25. Bd3 Rb8 26. Ra1 Nf4 27. Bf1 Ra8 28. Bxb5 Nc7 29. Nc5 Rxa5 30. Rxa5 Qb6 31. Nxd7 Qxa5 32. Nf6+ Kf8 33. Bxe8 Nxe8 34. Nd7+ Kg7 35. Nxe5 Nd6 36. Nc6 Qc5 37. Re3 1/2-1/2

[Event "CZE-chT2D 1314"]
[Site "Czech Republic"]
[Date "2013.11.03"]
[Round "1.5"]
[White "Alfimov, Igor"]
[Black "Torvenyi, Roman"]
[Result "1-0"]
[WhiteElo "2008"]
[BlackElo "2027"]
[PlyCount "41"]
[EventDate "2013.11.03"]
[EventType "team-tourn"]
[EventRounds "11"]
[EventCountry "CZE"]
[SourceTitle "EXT 2016"]
[Source "ChessBase"]
[SourceDate "2015.10.08"]
[SourceVersion "1"]
[SourceVersionDate "2015.10.08"]
[SourceQuality "1"]
[WhiteTeam "Velke Losiny"]
[BlackTeam "Polabiny II"]
[WhiteTeamCountry "CZE"]
[BlackTeamCountry "CZE"]

1. d4 d6 2. c4 e5 3. Nf3 e4 4. Nfd2 f5 5. Nc3 Nf6 6. e3 Be7 7. Be2 0-0 8. 0-0 c6 9. Qb3 Nbd7 10. f3 exf3 11. Bxf3 Qc7 12. Re1 Rb8 13. Nf1 Kh8 14. Ng3 Nb6 15. a4 Be6 16. Qc2 Nxc4 17. Nxf5 Bd8 18. Kh1 d5 19. b3 Nd6 20. Nxd6 Qxd6 21. Ba3 1-0

[Event "Valasska Bystrice op"]
[Site "Valasska Bystrice"]
[Date "2013.09.14"]
[Round "9"]
[White "Nyta, Zdenek"]
[Black "Alfimov, Igor"]
[Result "1-0"]
[WhiteElo "2052"]
[BlackElo "2007"]
[PlyCount "129"]
[EventDate "2013.09.07"]
[EventType "swiss"]
[EventRounds "9"]
[EventCountry "CZE"]
[SourceTitle "CBM 156 Extra"]
[Source "ChessBase"]
[SourceDate "2013.10.22"]
[SourceVersion "1"]
[SourceVersionDate "2013.10.22"]
[SourceQuality "1"]

1. e4 e5 2. Nc3 Nf6 3. Nf3 Nc6 4. Bb5 Bb4 5. 0-0 0-0 6. d3 d6 7. Bg5 Bxc3 8. bxc3 Qe7 9. h3 Nd8 10. Bc4 Ne6 11. Qd2 h6 12. Be3 c6 13. Bb3 Nc5 14. Rae1 a5 15. a4 Nxb3 16. cxb3 Be6 17. c4 Nd7 18. Qb2 f5 19. exf5 Bxf5 20. Qe2 Qf6 21. Kh2 c5 22. Rd1 Kh7 23. Ng1 g5 24. Qh5 Qg6 25. Qxg6+ Bxg6 26. Ne2 Ra6 27. Rd2 Nb8 28. Nc3 Nc6 29. f3 Nb4 30. Rfd1 Rc6 31. Ne4 Bf5 32. Kg3 Bxe4 33. dxe4 Rf6 34. Rh1 Kg6 35. h4 Rc7 36. hxg5 hxg5 37. Rh8 Nc6 38. Rd1 Rh7 39. Rxh7 Kxh7 40. Bxg5 Rg6 41. Kh4 Nd4 42. Rd3 Ne2 43. g4 Kg7 44. Bd2 Kf7 45. g5 b6 46. Kg4 Nd4 47. Be3 Nc2 48. Bf2 Nb4 49. Rd1 Nc6 50. Rh1 Kg7 51. Be3 Nd8 52. Kf5 Nc6 53. Kg4 Nd8 54. f4 exf4 55. Bxf4 Ne6 56. Bd2 Nf8 57. Kf5 Kf7 58. Rh8 Ne6 59. Rb8 Nd4+ 60. Kg4 Nxb3 61. Bc3 Nc1 62. Kf5 Rg8 63. Rb7+ Ke8 64. Ke6 Rg6+ 65. Bf6 1-0

[Event "CZE-chT2D 1213"]
[Site "Czech Republic"]
[Date "2013.03.24"]
[Round "11.6"]
[White "Alfimov, Igor"]
[Black "Stepan, Michal"]
[Result "1/2-1/2"]
[WhiteElo "1961"]
[BlackElo "2086"]
[PlyCount "73"]
[EventDate "2012.10.14"]
[EventType "team-tourn"]
[EventRounds "11"]
[EventCountry "CZE"]
[SourceTitle "EXT 2016"]
[Source "ChessBase"]
[SourceDate "2015.10.08"]
[SourceVersion "1"]
[SourceVersionDate "2015.10.08"]
[SourceQuality "1"]
[WhiteTeam "Velke Losiny"]
[BlackTeam "Nachod"]
[WhiteTeamCountry "CZE"]
[BlackTeamCountry "CZE"]

1. d4 Nf6 2. c4 g6 3. Nc3 Bg7 4. e4 d6 5. Nf3 0-0 6. Be2 e5 7. dxe5 dxe5 8. Qxd8 Rxd8 9. Bg5 Nbd7 10. Nd5 c6 11. Nxf6+ Bxf6 12. Rd1 Bxg5 13. Nxg5 Re8 14. 0-0 f6 15. Nf3 Nc5 16. Nd2 Ne6 17. Bg4 f5 18. exf5 Nd4 19. Nf3 gxf5 20. Bh5 Nxf3+ 21. Bxf3 Be6 22. b3 e4 23. Bh5 Red8 24. f3 exf3 25. Bxf3 Kg7 26. Kf2 Kf6 27. Kg3 Rxd1 28. Rxd1 Ke5 29. Re1+ Kf6 30. Kf4 Rd8 31. Rd1 Rxd1 32. Bxd1 c5 33. h3 a5 34. a4 h6 35. Bf3 b6 36. g3 Bd7 37. Be2 1/2-1/2

[Event "CZE-chT2D 1213"]
[Site "Czech Republic"]
[Date "2012.11.18"]
[Round "3.6"]
[White "Kolasin, Jan"]
[Black "Alfimov, Igor"]
[Result "0-1"]
[WhiteElo "2001"]
[BlackElo "1961"]
[PlyCount "58"]
[EventDate "2012.10.14"]
[EventType "team-tourn"]
[EventRounds "11"]
[EventCountry "CZE"]
[SourceTitle "EXT 2016"]
[Source "ChessBase"]
[SourceDate "2015.10.08"]
[SourceVersion "1"]
[SourceVersionDate "2015.10.08"]
[SourceQuality "1"]
[WhiteTeam "Ceska Trebova"]
[BlackTeam "Velke Losiny"]
[WhiteTeamCountry "CZE"]
[BlackTeamCountry "CZE"]

1. e4 e5 2. Nf3 Nc6 3. Bb5 a6 4. Ba4 d6 5. 0-0 Bd7 6. c3 g6 7. d4 Bg7 8. Re1 h6 9. Nbd2 Nf6 10. Bxc6 Bxc6 11. dxe5 dxe5 12. Nxe5 0-0 13. Qb3 Nxe4 14. Nxc6 Nxd2 15. Qxb7 Qd6 16. Bxd2 Qxd2 17. Rad1 Rae8 18. Rf1 Qc2 19. Rd7 Re2 20. Qxc7 Qxb2 21. c4 Bf6 22. a4 Qc3 23. g3 Re1 24. Qf4 g5 25. Qf5 Rxf1+ 26. Kxf1 Qxc4+ 27. Qd3 Qxc6 28. Rd6 Qh1+ 29. Ke2 Re8+ 0-1

[Event "Ricany op"]
[Site "Ricany"]
[Date "2012.09.01"]
[Round "8"]
[White "Filip, Vojtech"]
[Black "Alfimov, Igor"]
[Result "1/2-1/2"]
[WhiteElo "1832"]
[BlackElo "1969"]
[PlyCount "37"]
[EventDate "2012.08.26"]
[EventType "swiss"]
[EventRounds "9"]
[EventCountry "CZE"]
[SourceTitle "CBM 150 Extra"]
[Source "ChessBase"]
[SourceDate "2012.10.19"]
[SourceVersion "1"]
[SourceVersionDate "2012.10.19"]
[SourceQuality "1"]

1. d4 Nf6 2. Nf3 g6 3. c4 d5 4. Nc3 Bg7 5. e3 0-0 6. Be2 c5 7. 0-0 cxd4 8. exd4 Nc6 9. Be3 dxc4 10. Bxc4 Bg4 11. Be2 Qd7 12. Qd2 Rfd8 13. Rfd1 Nd5 14. h3 Bf5 15. Rac1 Rac8 16. Nxd5 Qxd5 17. Bc4 Qd7 18. d5 Ne5 19. Nxe5 1/2-1/2

[Event "Ricany op"]
[Site "Ricany"]
[Date "2012.08.31"]
[Round "7"]
[White "Alfimov, Igor"]
[Black "Konvalinka, Vladislav"]
[Result "1/2-1/2"]
[WhiteElo "1969"]
[BlackElo "1908"]
[PlyCount "41"]
[EventDate "2012.08.26"]
[EventType "swiss"]
[EventRounds "9"]
[EventCountry "CZE"]
[SourceTitle "CBM 150 Extra"]
[Source "ChessBase"]
[SourceDate "2012.10.19"]
[SourceVersion "1"]
[SourceVersionDate "2012.10.19"]
[SourceQuality "1"]

1. d4 d5 2. c4 c6 3. Nc3 Nf6 4. Nf3 dxc4 5. a4 Bf5 6. e3 e6 7. Bxc4 Bb4 8. 0-0 Nbd7 9. h3 h6 10. Qb3 a5 11. Bd2 Nb6 12. Be2 0-0 13. Na2 Be7 14. Rac1 Ne4 15. Rfd1 Nxd2 16. Rxd2 Qc7 17. Nc3 Nd7 18. e4 Bg6 19. Rdd1 Qb6 20. Qxb6 Nxb6 21. d5 1/2-1/2

[Event "Ricany op"]
[Site "Ricany"]
[Date "2012.08.26"]
[Round "1"]
[White "Juptner, Jan"]
[Black "Alfimov, Igor"]
[Result "1-0"]
[WhiteElo "2378"]
[BlackElo "1969"]
[PlyCount "71"]
[EventDate "2012.08.26"]
[EventType "swiss"]
[EventRounds "9"]
[EventCountry "CZE"]
[SourceTitle "CBM 150 Extra"]
[Source "ChessBase"]
[SourceDate "2012.10.19"]
[SourceVersion "1"]
[SourceVersionDate "2012.10.19"]
[SourceQuality "1"]

1. d4 Nf6 2. c4 g6 3. Nc3 d5 4. cxd5 Nxd5 5. e4 Nxc3 6. bxc3 Bg7 7. Bc4 0-0 8. Ne2 c5 9. Be3 Nc6 10. Rc1 Qc7 11. 0-0 b6 12. Qa4 Bb7 13. Rfd1 Na5 14. Bd3 c4 15. Bb1 e6 16. Qc2 Rad8 17. Qd2 Bh8 18. Bh6 Rfe8 19. Qg5 f6 20. Qh4 Qf7 21. Qg3 Bg7 22. Bxg7 Kxg7 23. Nf4 e5 24. dxe5 Rxd1+ 25. Rxd1 Rxe5 26. h4 Bxe4 27. Bxe4 Rxe4 28. Rd6 Re5 29. Qg4 Rf5 30. Ne6+ Kh6 31. Qd4 Re5 32. Qf4+ g5 33. Nxg5 Qe7 34. Rxf6+ Kh5 35. g4+ Kxh4 36. Rh6# 1-0

[Event "EU-ch U18"]
[Site "Prague"]
[Date "2012.08.21"]
[Round "5"]
[White "Scott, Gordon W"]
[Black "Alfimov, Igor"]
[Result "1/2-1/2"]
[WhiteElo "2026"]
[BlackElo "1969"]
[PlyCount "81"]
[EventDate "2012.08.17"]
[EventType "swiss"]
[EventRounds "9"]
[EventCountry "CZE"]
[SourceTitle "CBM 150 Extra"]
[Source "ChessBase"]
[SourceDate "2012.10.19"]
[SourceVersion "1"]
[SourceVersionDate "2012.10.19"]
[SourceQuality "1"]

1. d4 Nf6 2. c4 g6 3. Nc3 d5 4. cxd5 Nxd5 5. Bd2 Bg7 6. e4 Nb6 7. Be3 0-0 8. Nf3 Nc6 9. h3 e6 10. Be2 Bd7 11. 0-0 Be8 12. Qd2 Qe7 13. Rfd1 Rd8 14. Rac1 a6 15. Qc2 Rd7 16. e5 Qd8 17. Ne4 Rd5 18. Nc5 Qa8 19. a3 Ne7 20. Bd3 Bc6 21. Be4 Rdd8 22. Bxc6 Nxc6 23. Nxb7 Nxd4 24. Rxd4 Qxb7 25. Rxd8 Rxd8 26. Qxc7 Qxc7 27. Rxc7 Nd5 28. Bg5 f6 29. exf6 Nxc7 30. f7+ Kxf7 31. Bxd8 Nd5 32. b3 h6 33. Kf1 g5 34. g3 Bc3 35. Ke2 Ke8 36. Bxg5 hxg5 37. Nxg5 Ke7 38. Ne4 Bb2 39. Nc5 Bxa3 40. Nxa6 Kd6 41. Kd3 1/2-1/2

[Event "EU-ch U18"]
[Site "Prague"]
[Date "2012.08.18"]
[Round "2"]
[White "Alfimov, Igor"]
[Black "Drnovsek, Gal"]
[Result "0-1"]
[WhiteElo "1969"]
[BlackElo "2177"]
[PlyCount "80"]
[EventDate "2012.08.17"]
[EventType "swiss"]
[EventRounds "9"]
[EventCountry "CZE"]
[SourceTitle "CBM 150 Extra"]
[Source "ChessBase"]
[SourceDate "2012.10.19"]
[SourceVersion "1"]
[SourceVersionDate "2012.10.19"]
[SourceQuality "1"]

1. d4 d5 2. c4 e6 3. Nc3 Nf6 4. Nf3 Be7 5. Bg5 0-0 6. e3 Nbd7 7. Rc1 a6 8. cxd5 exd5 9. Bd3 b6 10. 0-0 Bb7 11. Qe2 c5 12. dxc5 bxc5 13. Rfd1 h6 14. Bh4 Re8 15. Bf5 g6 16. Bxd7 Qxd7 17. Qd2 Rad8 18. b3 g5 19. Bg3 Qe6 20. Qc2 Bf8 21. h4 g4 22. Ne1 Nh5 23. Ne2 Nxg3 24. Nxg3 Bd6 25. Nf5 Bb8 26. e4 dxe4 27. Rxd8 Rxd8 28. Qxc5 Kh7 29. Nc2 Rc8 30. Qb4 Qxf5 31. Qxb7 Qf4 32. g3 Qxc1+ 33. Kg2 Qxc2 34. Qxf7+ Kh8 35. Qf6+ Kg8 36. Qg6+ Kf8 37. Qf6+ Ke8 38. Qe6+ Kd8 39. Qf6+ Kc7 40. Qe7+ Kb6 0-1

[Event "CZE-chTB U20 1112"]
[Site "Czech Republic"]
[Date "2012.04.13"]
[Round "4.4"]
[White "Alfimov, Igor"]
[Black "Stuchly, Ondrej"]
[Result "1/2-1/2"]
[WhiteElo "1888"]
[BlackElo "1678"]
[PlyCount "87"]
[EventDate "2012.04.13"]
[EventType "team-tourn"]
[EventRounds "7"]
[EventCountry "CZE"]
[SourceTitle "CBM 148 Extra"]
[Source "ChessBase"]
[SourceDate "2012.06.22"]
[SourceVersion "1"]
[SourceVersionDate "2012.06.22"]
[SourceQuality "1"]
[WhiteTeam "Ricany"]
[BlackTeam "Stare Mesto"]
[WhiteTeamCountry "CZE"]
[BlackTeamCountry "CZE"]

1. d4 d5 2. c4 e6 3. Nc3 Nf6 4. Bg5 Be7 5. Nf3 Nbd7 6. e3 0-0 7. Rc1 a6 8. cxd5 exd5 9. Bd3 Re8 10. 0-0 c6 11. h3 Nf8 12. Ne5 Ne6 13. f4 g6 14. Qf3 Ng7 15. f5 Bxf5 16. g4 Bxd3 17. Nxd3 Nd7 18. Qxf7+ Kh8 19. Bh6 Bf6 20. Bxg7+ Bxg7 21. Qf2 Bh6 22. Rce1 Bg5 23. Re2 Rf8 24. Qg2 Qc7 25. Rxf8+ Rxf8 26. e4 Qb6 27. Nf2 Qxd4 28. exd5 Ne5 29. Qe4 Nf3+ 30. Kg2 cxd5 31. Nxd5 Nh4+ 32. Kg1 Nf3+ 33. Kg2 Nh4+ 34. Kg1 Qxe4 35. Nxe4 Nf3+ 36. Kg2 Nh4+ 37. Kg1 Nf3+ 38. Kg2 Bd8 39. Re3 Nh4+ 40. Kg1 Nf3+ 41. Kg2 Nh4+ 42. Kg1 Nf3+ 43. Kg2 Nh4+ 44. Kg1 1/2-1/2

[Event "CZE-chTW U20 1112"]
[Site "Czech Republic"]
[Date "2011.11.26"]
[Round "5.4"]
[White "Alfimov, Igor"]
[Black "Vaclavicek, Lukas"]
[Result "0-1"]
[WhiteElo "1888"]
[BlackElo "1842"]
[PlyCount "46"]
[EventDate "2011.10.15"]
[EventType "team-tourn"]
[EventRounds "7"]
[EventCountry "CZE"]
[SourceTitle "EXT 2013"]
[Source "ChessBase"]
[SourceDate "2012.11.22"]
[SourceVersion "1"]
[SourceVersionDate "2012.11.22"]
[SourceQuality "1"]
[WhiteTeam "Ricany"]
[BlackTeam "Polabiny"]
[WhiteTeamCountry "CZE"]
[BlackTeamCountry "CZE"]

1. d4 d5 2. c4 c6 3. Nc3 e6 4. Nf3 Nf6 5. Bg5 h6 6. Bh4 dxc4 7. e4 g5 8. e5 Nd5 9. Bg3 Bb4 10. Qc2 Qa5 11. Kd2 b5 12. Be2 Nd7 13. Bd1 g4 14. Ng1 c5 15. Nge2 Bb7 16. a3 Bxc3+ 17. bxc3 cxd4 18. Nxd4 Nc5 19. f3 0-0-0 20. Be1 Nf4 21. Kc1 Ncd3+ 22. Kb1 Nxe1 23. Rxe1 Rxd4 0-1

[Event "CZE-chTW U20 1112"]
[Site "Czech Republic"]
[Date "2011.10.15"]
[Round "1.4"]
[White "Alfimov, Igor"]
[Black "Johnova, Eliska"]
[Result "1-0"]
[WhiteElo "1888"]
[BlackElo "1770"]
[PlyCount "45"]
[EventDate "2011.10.15"]
[EventType "team-tourn"]
[EventRounds "7"]
[EventCountry "CZE"]
[SourceTitle "EXT 2013"]
[Source "ChessBase"]
[SourceDate "2012.11.22"]
[SourceVersion "1"]
[SourceVersionDate "2012.11.22"]
[SourceQuality "1"]
[WhiteTeam "Ricany"]
[BlackTeam "Horice"]
[WhiteTeamCountry "CZE"]
[BlackTeamCountry "CZE"]

1. d4 e6 2. c4 d5 3. Nf3 c5 4. cxd5 exd5 5. Nc3 Nc6 6. g3 Nf6 7. Bg2 Be7 8. 0-0 0-0 9. Be3 c4 10. Bf4 a6 11. Ne5 Bf5 12. Re1 Bb4 13. Bg5 Bxc3 14. bxc3 Qd6 15. Bxf6 gxf6 16. Nxc6 Qxc6 17. e4 dxe4 18. d5 Qd6 19. Bxe4 Bxe4 20. Rxe4 b5 21. Qh5 Rfd8 22. Qh6 f5 23. Re8+ 1-0

[Event "Kouty nad Desnou op-A"]
[Site "Kouty nad Desnou"]
[Date "2011.03.18"]
[Round "8"]
[White "Skalicky, Tomas"]
[Black "Alfimov, Igor"]
[Result "0-1"]
[WhiteElo "1848"]
[BlackElo "1796"]
[PlyCount "58"]
[EventDate "2011.03.12"]
[EventType "swiss"]
[EventRounds "9"]
[EventCountry "CZE"]
[SourceTitle "EXT 2014"]
[Source "ChessBase"]
[SourceDate "2013.11.20"]
[SourceVersion "1"]
[SourceVersionDate "2013.11.20"]
[SourceQuality "1"]

1. e4 e5 2. Nf3 Nc6 3. Bb5 a6 4. Ba4 d6 5. c3 Nf6 6. Bc2 g6 7. 0-0 Bg7 8. Re1 0-0 9. h3 Re8 10. d4 d5 11. dxe5 Nxe4 12. Bf4 Bf5 13. Nbd2 Nxe5 14. Nxe5 Bxe5 15. Bxe5 Rxe5 16. f3 Nxc3 17. bxc3 Rxe1+ 18. Qxe1 Bxc2 19. Rc1 Ba4 20. Qe3 Qf6 21. Rb1 Re8 22. Qd3 Bc6 23. Nb3 Bb5 24. Qxd5 Qxc3 25. Rc1 Qe3+ 26. Kh1 Bc6 27. Qd1 Qf2 28. a3 Ba4 29. Qd4 Re1+ 0-1

[Event "Kouty nad Desnou op-A"]
[Site "Kouty nad Desnou"]
[Date "2011.03.16"]
[Round "6"]
[White "Ruzicka, Vaclav1111"]
[Black "Alfimov, Igor"]
[Result "1-0"]
[WhiteElo "2077"]
[BlackElo "1796"]
[PlyCount "52"]
[EventDate "2011.03.12"]
[EventType "swiss"]
[EventRounds "9"]
[EventCountry "CZE"]
[SourceTitle "EXT 2014"]
[Source "ChessBase"]
[SourceDate "2013.11.20"]
[SourceVersion "1"]
[SourceVersionDate "2013.11.20"]
[SourceQuality "1"]

1. c4 e5 2. Nc3 d6 3. g3 f5 4. Bg2 Nf6 5. d3 Be7 6. e3 0-0 7. Nge2 Nh5 8. Nd5 c6 9. Nxe7+ Qxe7 10. 0-0 g5 11. f4 Na6 12. b3 Nc5 13. fxe5 Qxe5 14. d4 Qg7 15. Nc3 g4 16. Ba3 Re8 17. Qd2 Na6 18. e4 Qg6 19. exf5 Bxf5 20. Rxf5 Qxf5 21. Rf1 Qe6 22. d5 Qe5 23. dxc6 bxc6 24. Bxc6 Nc7 25. Nd5 Rf8 26. Bxa8 Rxa8 1-0

[Event "Harrachov op-B"]
[Site "Harrachov"]
[Date "2009.10.27"]
[Round "5"]
[White "Starychfojtu, Josef"]
[Black "Alfimov, Igor"]
[Result "1-0"]
[WhiteElo "1526"]
[BlackElo "1639"]
[PlyCount "39"]
[EventDate "2009.10.24"]
[EventType "swiss"]
[EventRounds "9"]
[EventCountry "CZE"]
[SourceTitle "EXT 2012"]
[Source "ChessBase"]
[SourceDate "2011.11.24"]
[SourceVersion "1"]
[SourceVersionDate "2011.11.24"]
[SourceQuality "1"]

1. e4 e5 2. f4 d5 3. Nf3 Bg4 4. Be2 Nf6 5. Nxe5 Bxe2 6. Qxe2 dxe4 7. Nc3 Bc5 8. Nxf7 Qe7 9. Nxh8 Nc6 10. Qc4 Nd4 11. Nb5 Nxb5 12. Qxb5+ c6 13. Qc4 Nd5 14. Qe2 Nxf4 15. Qg4 e3 16. d4 Qe4 17. 0-0 e2 18. Re1 Bxd4+ 19. Kh1 Be3 20. Rxe2 1-0